000 00304nam a22001337a 4500
008 170403b xxu||||| |||| 00| 0 eng d
020 _a0835980286
041 _aeng
080 _a574
100 _a9
101 _aSHM
245 _aUNDERSTANDING CROP PRODUCTION
_cSTOSKOPF, N.C
942 _2udc
_cBK
999 _c9481
_d9481